Опыт применения библиотек Intel MKL и PETSc для решения задач тепломассопереноса с фазовым переходом (Запись № 11974261)
[ простой вид ]
| 000 -МАРКЕР | |
|---|---|
| контрольное поле | 02582nam0a2200469 4500 |
| 001 - ИДЕНТИФИКАТОР ЗАПИСИ | |
| контрольное поле | RU\NLR\BIBL_A\012450732 |
| 005 - ИДЕНТИФИКАТОР ВЕРСИИ | |
| контрольное поле | 20220721145920.0 |
| 021 ## - НОМЕР ГОСУДАРСТВЕННОЙ РЕГИСТРАЦИИ | |
| Код страны | Российская Федерация |
| Номер | КН-П-20-060259 |
| Номер Листа государственной регистраци | КН-П-20-4508 |
| 035 ## - ДРУГИЕ СИСТЕМНЫЕ НОМЕРА | |
| Идентификатор записи | (NLR Aleph) 012450732 |
| 035 ## - ДРУГИЕ СИСТЕМНЫЕ НОМЕРА | |
| Идентификатор записи | (RuMoRGB)010440193 |
| 100 ## - ДАННЫЕ ОБЩЕЙ ОБРАБОТКИ | |
| Данные общей обработки | 20210211d2020 k y0rusy50 ca |
| 101 0# - ЯЗЫК РЕСУРСА | |
| Язык текста, звукозаписи и т.д. | русский |
| 102 ## - СТРАНА ПУБЛИКАЦИИ ИЛИ ПРОИЗВОДСТВА | |
| Страна публикации | Российская Федерация |
| 105 ## - ПОЛЕ КОДИРОВАННЫХ ДАННЫХ: ТЕКСТОВЫЕ МАТЕРИАЛЫ, МОНОГРАФИЧЕСКИЕ | |
| Кодированные данные о монографическом текстовом документе | a|||z|||000zy |
| 181 #0 - ПОЛЕ КОДИРОВАННЫХ ДАННЫХ: ВИД СОДЕРЖАНИЯ | |
| Код вида содержания (ISBD) | i |
| Код характеристики содержания (ISBD) | axxe |
| 182 #0 - ПОЛЕ КОДИРОВАННЫХ ДАННЫХ: ТИП СРЕДСТВА | |
| Код типа средства (ISBD) | n - непосредственное |
| 200 1# - ЗАГЛАВИЕ И СВЕДЕНИЯ ОБ ОТВЕТСТВЕННОСТИ | |
| Основное заглавие | Опыт применения библиотек Intel MKL и PETSc для решения задач тепломассопереноса с фазовым переходом |
| Первые сведения об ответственности | А.О. Гусев, О.В. Щерица, О.С. Мажорова |
| 203 ## - ВИД СОДЕРЖАНИЯ И ТИП СРЕДСТВА | |
| Вид содержания | Текст |
| Дополнительные сведения об издании | визуальный |
| Тип средства | непосредственный |
| 210 ## - ПУБЛИКАЦИЯ, РАСПРОСТРАНЕНИЕ И ДР. | |
| Место издания, распространения и т.д. | Москва |
| Имя издателя, распространителя и т. д. | ИПМ им. М.В. Келдыша РАН |
| Дата издания, распространения и т.д. | 2020 |
| 215 ## - ФИЗИЧЕСКАЯ ХАРАКТЕРИСТИКА | |
| Специфическое обозначение материала и объем | 34 с. |
| Другие сведения о физической характеристике | ил., цв. ил., табл. |
| Размеры | 21 |
| 225 1# - СЕРИЯ | |
| Основное заглавие серии | Препринты ИПМ им. М.В. Келдыша |
| Параллельное заглавие серии | Keldysh institute preprints |
| Сведения об ответственности | гл. ред.: Б.Н. Четверушкин, акад. |
| Язык параллельного заглавия | английский |
| 225 1# - СЕРИЯ | |
| Основное заглавие серии | Препринт |
| Сведения об ответственности | Ин-т прикл. математики им. М. В. Келдыша Рос. акад. наук |
| Обозначение тома | №62 за 2020 г. |
| ISSN серии | 2071-2898 |
| 300 ## - ОБЩИЕ ПРИМЕЧАНИЯ | |
| Текст примечания | Рез. англ. |
| 320 ## - ПРИМЕЧАНИЯ О НАЛИЧИИ В ДОКУМЕНТЕ БИБЛИОГРАФИИ / УКАЗАТЕЛЯ | |
| Текст примечания | Библиогр.: с. 32-34 (20 назв.) |
| 606 1# - НАИМЕНОВАНИЕ ТЕМЫ КАК ПРЕДМЕТ | |
| Наименование темы | Кристаллизация из растворов |
| Тематический подзаголовок | Математическое моделирование |
| Системный номер авторитетной/нормативной записи | 2105038 |
| Идентификатор авторитетной/нормативной записи | RU\NLR\AUTH\661576341 |
| 606 1# - НАИМЕНОВАНИЕ ТЕМЫ КАК ПРЕДМЕТ | |
| Наименование темы | Растворы (хим.) |
| Тематический подзаголовок | Фазовые переходы |
| -- | Математическое моделирование |
| Системный номер авторитетной/нормативной записи | 2147722 |
| Идентификатор авторитетной/нормативной записи | RU\NLR\AUTH\661598418 |
| 606 1# - НАИМЕНОВАНИЕ ТЕМЫ КАК ПРЕДМЕТ | |
| Наименование темы | Жидкие смеси многокомпонентные |
| Тематический подзаголовок | Массоперенос |
| Системный номер авторитетной/нормативной записи | 2256378 |
| Идентификатор авторитетной/нормативной записи | RU\NLR\AUTH\6601583298 |
| 606 1# - НАИМЕНОВАНИЕ ТЕМЫ КАК ПРЕДМЕТ | |
| Наименование темы | INTEL MKL 2018, библиотека программ |
| Системный номер авторитетной/нормативной записи | 2467801 |
| Идентификатор авторитетной/нормативной записи | RU\NLR\AUTH\6601683052 |
| 606 1# - НАИМЕНОВАНИЕ ТЕМЫ КАК ПРЕДМЕТ | |
| Наименование темы | PETSC, библиотека программ |
| Системный номер авторитетной/нормативной записи | 2467812 |
| Идентификатор авторитетной/нормативной записи | RU\NLR\AUTH\6601683058 |
| 686 1# - ИНДЕКСЫ ДРУГИХ КЛАССИФИКАЦИЙ | |
| Индекс | Г562.138с11 |
| 686 1# - ИНДЕКСЫ ДРУГИХ КЛАССИФИКАЦИЙ | |
| Индекс | Г562.175с11 |
| 686 1# - ИНДЕКСЫ ДРУГИХ КЛАССИФИКАЦИЙ | |
| Индекс | Л113 |
| 686 1# - ИНДЕКСЫ ДРУГИХ КЛАССИФИКАЦИЙ | |
| Индекс | В192.1с116 |
| 700 #1 - ИМЯ ЛИЦА - ПЕРВИЧНАЯ ОТВЕТСТВЕННОСТЬ | |
| Начальный элемент ввода | Гусев |
| Часть имени, кроме начального элемента ввода | А. О. |
| Дополнения к именам, кроме дат | математик |
| Расширение инициалов личного имени | Андрей Олегович |
| Системный номер авторитетной/нормативной записи | 179606 |
| Идентификатор авторитетной/нормативной записи | RU\NLR\AUTH\770179657 |
| 701 #1 - ИМЯ ЛИЦА - АЛЬТЕРНАТИВНАЯ ОТВЕТСТВЕННОСТЬ | |
| Графика поля | Кириллица |
| Материалы, к которым относится поле | rus |
| Начальный элемент ввода | Щерица |
| Часть имени, кроме начального элемента ввода | О. В. |
| Даты | 1980- |
| Расширение инициалов личного имени | Ольга Владимировна |
| Системный номер авторитетной/нормативной записи | 177534 |
| Идентификатор авторитетной/нормативной записи | RU\NLR\AUTH\770177585 |
| 701 #1 - ИМЯ ЛИЦА - АЛЬТЕРНАТИВНАЯ ОТВЕТСТВЕННОСТЬ | |
| Начальный элемент ввода | Мажорова |
| Часть имени, кроме начального элемента ввода | О. С. |
| Даты | 1947- |
| Расширение инициалов личного имени | Ольга Семеновна |
| 942 ## - ДОПОЛНИТЕЛЬНЫЕ ЭЛЕМЕНТЫ ЗАПИСИ (АБИС) | |
| Тип экземпляра АБИС | Книга |
| 980 ## - КОЛЛЕКЦИЯ | |
| Название коллекции | НБР |
| 980 ## - КОЛЛЕКЦИЯ | |
| Название коллекции | Национальная библиография |
Нет доступных экземпляров.